000 01056nam a2200301Ia 4500
001 Para_8859
003 CHAP
008 220125s2004 xx 000 0 und d
010 _a207622
040 _cCHAP
090 _aPA TESIS 1821
100 _aRodríguez Contreras, María Elsa
_998412
245 _aGenética de la resistencia a roya de la hoja (Puccinia triticina E) en trigos duros (Triticum turdigum var. durum L.) /
_c por María Elsa Rodríguez Contreras
260 _aChapingo, Méx. :
_b el autor
300 _a61 h.
502 _aTesis (M.C. Esp. Protección Vegetal) UACh. Departamento Parasitología Agrícola
650 _aPuccinia triticina
_992832
650 _aTrigo
_x enfermedades
_9115017
650 _aTrigo
_x variedades resistentes a enfermedades
_9115120
710 _aUACh. Departamento Parasitología Agrícola
_9164025
901 _aPA TESIS 1821
902 _aA
905 _a0000002004 n 0000000000 00
910 _a2004
942 _cPARA
942 _cPARA
_d1
999 _c207622
_d207622